ბათუმის შოთა რუსთაველის სახელმწიფო უნივერსიტეტის ბიბლიოთეკა

Research methods in education (ბიბ.ჩანაწერი № 44611)

000 -LEADER
fixed length control field 00611nam a2200205Ia 4500
001 - CONTROL NUMBER
control field 11414
003 - CONTROL NUMBER IDENTIFIER
control field GE_BSU
008 - FIXED-LENGTH DATA ELEMENTS--GENERAL INFORMATION
fixed length control field 181216s||||||||xx |||||||||||||| ||und||
040 ## - CATALOGING SOURCE
Transcribing agency GE_BSU
100 ## - MAIN ENTRY--PERSONAL NAME
Personal name Cohen Louis Lawrence Manion and Keith Morrison
245 ## - TITLE STATEMENT
Title Research methods in education
260 ## - PUBLICATION, DISTRIBUTION, ETC.
Place of publication, distribution, etc. London and New york
260 ## - PUBLICATION, DISTRIBUTION, ETC.
Date of publication, distribution, etc. 2011
300 ## - PHYSICAL DESCRIPTION
Extent 758p.24cm.
520 ## - SUMMARY, ETC.
Summary, etc. შემოსულია ტემპუსის პროექტით
653 ## - INDEX TERM--UNCONTROLLED
Uncontrolled term Research methods in education
653 ## - INDEX TERM--UNCONTROLLED
Uncontrolled term ტემპუსის პროექტით
942 ## - ADDED ENTRY ELEMENTS (KOHA)
Koha item type წიგნი
ეგზემპლარები
Withdrawn status Lost status Damaged status Not for loan Date acquired Barcode Date last seen Price effective from Koha item type
        2018-12-17 35460 2018-12-17 2018-12-17 წიგნი